| 000 | 01790nam a22002297a 4500 | ||
|---|---|---|---|
| 999 |
_c59745 _d59745 |
||
| 003 | Ge_BSU | ||
| 005 | 20230410120938.0 | ||
| 008 | 230410s2016 ge ||||| |||| 00| 0 geo d | ||
| 020 | _a9789941135033 | ||
| 041 | _ageo | ||
| 080 | _a94(479.22)''18''+94(479.22:470) ჯ-14 | ||
| 100 |
_aჯავახიშვილი, ივანე _917573 |
||
| 245 |
_aპოლიტიკური და სოციალური მოძრაობა მე-19 საუკუნის საქართველოში _cივანე ჯავახიშვილი; რედ. ვაჟა კიკნაძე; მთარგმნელი რუსუდან მახათაძე; ივანე ჯავახიშვილის სახელობის სახელმწიფო უნივერსიტეტი. ივანე ჯავახიშვილის ისტორიისა და ეთნოლოგიის ინსტიტუტი. |
||
| 264 |
_aთბილისი: _bთსუ, _c2016. |
||
| 300 |
_a68 გვ. ; _b21 სმ. |
||
| 504 | _aბიბლიოგრ. გვ. 67 | ||
| 653 | _aპოლიტიკური მოძრაობა საქართველოში | ||
| 700 |
_aკიკნაძე, ვაჟა _eრედაქტორი _95091 |
||
| 700 |
_aმახათაძე, რუსუდან _eმთარგმნელი _917574 |
||
| 710 |
_aივანე ჯავახიშვილის სახელობის სახელმწიფო უნივერსიტეტი. _bივანე ჯავახიშვილის ისტორიისა და ეთნოლოგიის ინსტიტუტი. _917575 |
||
| 942 |
_2udc _cBK |
||